000 00474nam a22001811a 4500
001 6419
003 OSt
005 20260204212050.0
008 060411s2000||||dr ||||||b||||||||||spa||
020 _a8449926548
050 _aRD 808.51 B181p
100 _aBalaguer, Joaquín
245 _aPedestales: discursos históricos / Joaquín Balaguer
264 _aSanto Domingo : Corripio
300 _a162 p
650 _a1.Discursos Históricos 2.LiteraturaÌ
942 _2ddc
_cBK
999 _c6419
_d6419